[Event "7th Solana It"]
[Site "Solin CRO"]
[Date "1999.12.10"]
[Round "1"]
[White "Nikolac,J"]
[Black "Tkachiev,V"]
[Result "1-0"]
[WhiteElo "2475"]
[BlackElo "2648"]

1.Nf3 g6 2.d4 Bg7 3.e4 d6 4.Bc4 Nf6 5.Qe2 O-O 6.O-O Bg4 7.c3 Nc6 8.h3 Bxf3
9.Qxf3 e5 10.Bb5 Nd7 11.d5 Ne7 12.Nd2 f5 13.Bxd7 Qxd7 14.Qd3 c6 15.dxc6 bxc6
16.Nc4 d5 17.exd5 cxd5 18.Bg5 Nc6 19.Ne3 d4 20.Nc2 f4 21.f3 e4 22.Qc4+ Kh8
23.fxe4 d3 24.Qd5 Qc7 25.Ne1 h6 26.Bh4 g5 27.Bf2 Rfd8 28.Qc4 Rac8 29.Rd1 Ne5
30.Qxc7 Rxc7 31.Bd4 Nc4 32.Rxd3 Bxd4+ 33.cxd4 Ne3 34.Rf2 Rc1 35.Re2 Rdc8
36.Kf2 h5 37.Red2 g4 38.hxg4 hxg4 39.g3 fxg3+ 40.Kxe3 Rxe1+ 41.Kf4 Rf8+ 42.Kxg3 Rxe4
43.d5 Rf7 44.d6 Rd7 45.Rd4 Re3+ 46.Kxg4 Kg7 47.Kf4 Re6 48.Re4 Rf7+ 49.Ke3 Rg6
50.Rd5 Rd7 51.Re7+ Rxe7+ 52.dxe7 Re6+ 53.Kd4 Rxe7 54.Rf5 Re2 55.Kc3 Kg6 56.Rf8 Rh2
57.Kb3 Kg5 58.Rf7 a6 59.Ka3 Rd2 60.b4 Kg6 61.Rf3 Re2 62.Kb3 Rd2 63.a3 Rd5
64.Rf8 Rd6 65.Ka4 Rd3 66.Ra8 Kf5 67.Rxa6 Ke5 68.Rc6 Kd5 69.Rc8  1-0

[Event "7th Solana It 2nd event"]
[Site "Solin CRO"]
[Date "1999.12.16"]
[Round "5"]
[White "Tkachiev,V"]
[Black "Tukmakov,V"]
[Result "1/2-1/2"]
[WhiteElo "2648"]
[BlackElo "2557"]

1.d4 Nf6 2.c4 e6 3.Nf3 d5 4.Nc3 dxc4 5.e4 Bb4 6.Bg5 c5 7.e5 cxd4 8.Nxd4 Qa5
9.exf6 Bxc3+ 10.bxc3 Qxg5 11.fxg7 Qxg7 12.Qd2 O-O 13.Bxc4 Bd7 14.O-O Nc6
15.f4 Nxd4 16.cxd4 Rac8 17.Bb3 Rfd8 18.Rf3 Kh8 19.Rg3 Qf6 20.Re1 Bc6 21.Re5 Rg8
22.Qe3 Rxg3 23.hxg3 Rg8 24.Rh5 Rd8 25.Re5 Rg8 26.Kf2 a6 27.Rh5 Rd8 28.Re5 Rg8
29.Rh5  1/2-1/2

[Event "7th Solana It 2nd event"]
[Site "Solin CRO"]
[Date "1999.12.16"]
[Round "6"]
[White "Cebalo,M"]
[Black "Tkachiev,V"]
[Result "1/2-1/2"]
[WhiteElo "2453"]
[BlackElo "2648"]

1.d4 d6 2.c4 e5 3.Nf3 e4 4.Ng5 f5 5.g3 Be7 6.Nh3 Nf6 7.Bg2 O-O 8.Nc3 c5 9.dxc5 dxc5
10.O-O Na6 11.Nf4 Nc7 12.Qxd8 Rxd8 13.f3 g5 14.Nfd5 Ncxd5 15.cxd5 Nxd5 16.fxe4 Nxc3
17.bxc3 fxe4 18.Rb1 Rb8 19.Bxe4 Bh3 20.Bg2 Bxg2 21.Kxg2 Rd5 22.c4 Re5 23.Rf3 b6
24.Rbb3 Re4 25.Rbe3 Rxe3 26.Bxe3 Kg7 27.Rf5 Rd8 28.g4 Kg6 29.Kf3 Rd1 30.Rd5 Rf1+
31.Kg2 Re1 32.Rd7 Bf6 33.Kf3 Rf1+ 34.Kg2 Re1 35.Kf3  1/2-1/2

[Event "Cannes"]
[Site "Cannes"]
[Date "1999.??.??"]
[Round "2"]
[White "Tkachiev, Vladislav"]
[Black "Lamorelle, Julien"]
[Result "1-0"]
[WhiteElo "2634"]
[BlackElo "2145"]

1.d4 d5 2.c4 c6 3.Nc3 dxc4 4.e4 b5 5.a4 b4 6.Na2 e5 7.Nf3 Bg4 8.Bxc4 Qf6
9.dxe5 Bxf3 10.Qxf3 Qxf3 11.gxf3 Nd7 12.f4 a5 13.Be3 Bc5 14.Rc1 Bxe3 15.fxe3 Ne7
16.Ke2 f6 17.exf6 Nxf6 18.e5 Nfd5 19.Bxd5 cxd5 20.Rc7 Kf7 21.Nc1 Rhc8 22.Rxc8 Rxc8
23.Kd2 g5 24.Ne2 Ng6 25.Rf1 Ke7 26.Rg1 gxf4 27.exf4 Rc4 28.Rf1 Re4 29.Rf3 Kf7  1-0

[Event "Cannes"]
[Site "Cannes"]
[Date "1999.??.??"]
[Round "4"]
[White "Chabanon, Jean Luc"]
[Black "Tkachiev, Vladislav"]
[Result "0-1"]
[WhiteElo "2468"]
[BlackElo "2634"]

1.d4 d5 2.Nf3 e6 3.c4 dxc4 4.Qa4+ c6 5.Qxc4 Nf6 6.Bg5 h6 7.Bxf6 Qxf6 8.Nbd2 Nd7
9.g3 g6 10.Bg2 Bg7 11.O-O O-O 12.Qb3 e5 13.e3 exd4 14.Nxd4 Qe7 15.a4 Nb8
16.Rac1 Na6 17.Qc4 Rd8 18.N2b3 Qb4 19.Qc2 Bd7 20.Rfd1 Rac8 21.Bf1 c5 22.Nb5 Bf5
23.Qc4 Bxb2 24.Qxb4 Nxb4 25.Rxd8+ Rxd8 26.Rxc5 Rd1 27.Kg2 Be4+ 28.f3 Bxf3+
29.Kxf3 Rxf1+ 30.Kg2 Re1 31.Rc4 Nd5 32.e4 Ne3+ 33.Kf2 Nxc4 34.Kxe1 a6 35.Nc7 Nd6
36.Ke2 Nxe4 37.Kd3 Nd6 38.Nd5 Kf8 39.Nc5 Ke8 40.Ne3 Ba3 41.Nb3 Bb2 42.Nc5 Kd8
43.Nd5 h5 44.h3 Ba3 45.Nb3 Kd7 46.Ne3 b6 47.g4 Bc5 48.Nd5 hxg4 49.hxg4 Bg1
50.Nb4 a5 51.Nd5 Ke6 52.Nc7+ Ke5 53.Nc1 Bf2 54.Ne2 Bh4 55.Nd4 Kf4 56.Nd5+ Kxg4
57.Nxb6 Bf2 58.Nd5 Bxd4 59.Kxd4 f5 60.Kc5 Ne4+ 61.Kb5 f4 62.Kxa5 f3 63.Ne3+ Kf4
64.Nd1 g5 65.Kb6 Nc3 66.Nxc3 f2 67.Ne2+ Kg4 68.Nd4 f1=Q 69.Nc6 Qf2+ 70.Kb7 Kf4  0-1

[Event "Cannes"]
[Site "Cannes"]
[Date "1999.??.??"]
[Round "7"]
[White "Tkachiev, Vladislav"]
[Black "Kazhgaleyev, Murtas"]
[Result "1-0"]
[WhiteElo "2634"]
[BlackElo "2547"]

1.d4 d5 2.c4 e6 3.Nf3 c6 4.Qc2 Nf6 5.g3 dxc4 6.Qxc4 b5 7.Qc2 Bb7 8.Bg2 Nbd7
9.O-O Rc8 10.Ne5 Nxe5 11.dxe5 Nd7 12.Nc3 Qc7 13.Bf4 Be7 14.Rac1 a6 15.Ne4 c5
16.Rfd1 O-O 17.Nf6+ Bxf6 18.exf6 e5 19.fxg7 Rfe8 20.Qf5 Nb6 21.Bxb7 Qxb7
22.Bxe5 Nc4 23.Rd7 Qxd7 24.Qxd7 Nxe5 25.Qb7 Rc6 26.f4  1-0

[Event "Cannes"]
[Site "Cannes"]
[Date "1999.??.??"]
[Round "7"]
[White "Kazhgaleyev, Murtas"]
[Black "Tkachiev, Vladislav"]
[Result "1/2-1/2"]
[WhiteElo "2547"]
[BlackElo "2634"]

1.e4 d6 2.d4 g6 3.Nf3 Nf6 4.Nc3 Bg7 5.Bc4 O-O 6.O-O Nxe4 7.Nxe4 d5 8.Bd3 dxe4
9.Bxe4 Nd7 10.c3 c5 11.Be3 cxd4 12.Nxd4 a6 13.Qe2 Nf6 14.Bc2 Qc7 15.Nf3 Nd5
16.Bd4 Nf4 17.Qe3 Bxd4 18.Nxd4 e5 19.Nf3 Re8 20.Rfe1 Bg4 21.h3 Nd5 22.Qe4 Nf6
23.Qe3 Nd5 24.Qe4 Nf6 25.Qe2 Bxf3 26.Qxf3 Qb6 27.Ba4 Re7 28.Rad1 Kg7 29.Bb3 a5
30.Qe3 Qc6 31.Qd3 a4 32.Bc4 Rc8 33.Bb5 Qb6 34.c4 Ra8 35.Qa3 Re6 36.b4 Qc7
37.Qc3 a3 38.c5 Ra7 39.f4 e4 40.Bc4 Rc6 41.Bd5 Rd6 42.Qe5 Rd7 43.Qxc7 Rxc7
44.Bxe4 Ra4 45.Rb1 Nxe4 46.Rxe4 Rxc5 47.bxc5 Rxe4 48.Rxb7 Rxf4 49.c6 Rc4
50.c7 Kf6 51.Ra7 Rc2 52.Rxa3  1/2-1/2

[Event "Rapidplay"]
[Site "Aubervilliers FRA"]
[Date "2000.01.30"]
[Round "5"]
[White "Tkachiev,V"]
[Black "Calistri,T"]
[Result "1-0"]
[WhiteElo "2670"]
[BlackElo "2243"]

1.d4 e6 2.c4 d5 3.Nf3 c5 4.cxd5 exd5 5.g3 Nc6 6.Bg2 Nf6 7.O-O Be7 8.Nc3 O-O
9.Bg5 cxd4 10.Nxd4 h6 11.Be3 Re8 12.Qc2 Bg4 13.h3 Bh5 14.Rad1 Rc8 15.Nf5 Na5
16.Bd4 Bf8 17.Nxh6+ gxh6 18.Qf5 Bg7 19.Bxf6 Qxf6 20.Qxh5 d4 21.Ne4 Qb6 22.Rc1 Nc6
23.Nd6  1-0

[Event "Masters KO"]
[Site "Cannes FRA"]
[Date "2000.02.19"]
[Round "1.2"]
[White "Delabaca,R"]
[Black "Tkachiev,V"]
[Result "1/2-1/2"]
[WhiteElo "2082"]
[BlackElo "2670"]

1.e4 e5 2.Nf3 Nc6 3.d4 exd4 4.Nxd4 Bb4+ 5.c3 Bc5 6.Be3 Bb6 7.Qa4 Nge7 8.Nd2 O-O
9.O-O-O d5 10.Nxc6 bxc6 11.Bxb6 cxb6 12.exd5 b5 13.Qd4 Qxd5 14.Qxd5 Nxd5
15.Nb3 Nf6 16.f3 Be6 17.Nd4 Bxa2 18.Nxc6 a6 19.Bd3 Rfe8 20.Rhe1 Kf8 21.Nd4 Bd5
22.Nf5 g6 23.Nd6 Rxe1 24.Rxe1 Rd8 25.Ne4 Nxe4 26.Bxe4 Bb3 27.Bc2 Be6 28.Rd1 Rc8
29.Rd4 Ke7 30.Kd2 Rc5 31.Rh4 h5 32.Ke3 Kd6 33.Rd4+ Ke7 34.Kf2 a5 35.Bd3 a4
36.Rb4 a3 37.bxa3 Rxc3 38.Bxb5 Rxa3  1/2-1/2

[Event "Masters KO"]
[Site "Cannes FRA"]
[Date "2000.02.21"]
[Round "3.1"]
[White "Tkachiev,V"]
[Black "David,Alb"]
[Result "1-0"]
[WhiteElo "2670"]
[BlackElo "2520"]

1.d4 Nf6 2.c4 g6 3.g3 Bg7 4.Bg2 O-O 5.Nc3 d6 6.Nf3 Nc6 7.O-O a6 8.b3 Rb8
9.e3 Re8 10.Bb2 Bd7 11.Rc1 e6 12.Ba1 b5 13.Nd2 Ne7 14.Qc2 Bc8 15.Rfd1 Bb7
16.e4 Nc6 17.Nf3 bxc4 18.bxc4 Nd7 19.Rb1 Ba8 20.a3 Rxb1 21.Nxb1 Qb8 22.Nbd2 Qa7
23.Nb3 e5 24.d5 Ne7 25.Bc3 Nc5 26.Nxc5 Qxc5 27.Bb4 Qa7 28.c5 a5 29.Qa4 Rd8
30.Qxa5 Qb8 31.c6 Nc8 32.Rb1 Bh6 33.Qa6  1-0

[Event "Grand Prix Rapidplay"]
[Site "Bordeaux FRA"]
[Date "2000.04.07"]
[Round "2.1"]
[White "Fressinet,L"]
[Black "Tkachiev,V"]
[Result "1/2-1/2"]
[WhiteElo "2501"]
[BlackElo "2670"]

1.e4 d6 2.d4 g6 3.Nf3 Bg7 4.Nc3 c6 5.Be3 Nd7 6.Qd2 b5 7.Bd3 Qc7 8.O-O Ngf6
9.Bh6 O-O 10.Ne2 c5 11.c3 a6 12.Ng3 Re8 13.Bxg7 Kxg7 14.Nh4 e5 15.d5 c4 16.Bc2 Nc5
17.Qg5 Ng8 18.Nhf5+ Kh8 19.Nh6 Qe7 20.f4 f6 21.Nxg8 Kxg8 22.Qh4 exf4 23.Qxf4 Kg7
24.Rf2 Rf8 25.Raf1 Nd7 26.Ne2 Ne5 27.Nd4 Bd7 28.h3 a5 29.Nf3 b4 30.Qd2 Nxf3+
31.Rxf3 Qe5 32.Qf4 Qxf4 33.Rxf4 Rab8 34.R4f2 bxc3 35.bxc3 Rb2 36.Bd1 Rxf2
37.Kxf2 Rb8 38.Ke3 a4 39.g4 a3 40.Be2 Rb2 41.Bxc4 Rh2 42.Rf3 h5 43.gxh5 gxh5
44.Kf4 h4 45.Bb3 Bxh3 46.c4 Bd7 47.Rc3 h3 48.c5 dxc5 49.Rxc5 Rf2+ 50.Kg3 h2
51.Rc7 h1=Q 52.Rxd7+ Kg6 53.Kxf2 Qh2+ 54.Ke1 Qg2 55.Re7  1/2-1/2

[Event "Match"]
[Site "Cannes FRA"]
[Date "2000.04.20"]
[Round "3"]
[White "Piket,Je"]
[Black "Tkachiev,V"]
[Result "1-0"]
[WhiteElo "2633"]
[BlackElo "2670"]

1.d4 d5 2.c4 dxc4 3.Nf3 Nf6 4.Nc3 a6 5.e4 b5 6.e5 Nd5 7.a4 e6 8.axb5 Nb6
9.Be3 Bb7 10.bxa6 Rxa6 11.Rc1 Nc6 12.Nd2 Nb4 13.Nxc4 Bxg2 14.Bxg2 Nxc4 15.O-O Nxe3
16.fxe3 Be7 17.Ne4 O-O 18.Qh5 Nd5 19.Rf3 Nxe3 20.Rxe3 Qxd4 21.Qe2 Ra2 22.Rxc7 Bd8
23.Rc4 Qxe5 24.Rb3 Bc7 25.Ng3 Rd8 26.Qxe5 Bxe5 27.Rd3 Rb8 28.b4 Ra1+ 29.Nf1 h5
30.Bc6 g5 31.h3 Bc7 32.b5 Rd8 33.Rxd8+ Bxd8 34.Kg2 Bb6 35.Be4 Ra5 36.Bd3 Kg7
37.Rc6 Ra2+ 38.Bc2 Bd4 39.Ng3 Rb2 40.Nxh5+ Kh6 41.Ng3 Rxb5 42.Nf5+ Kh5 43.Nxd4 Rb4
44.Rd6  1-0

[Event "Match"]
[Site "Cannes FRA"]
[Date "2000.04.21"]
[Round "4"]
[White "Tkachiev,V"]
[Black "Piket,Je"]
[Result "1-0"]
[WhiteElo "2670"]
[BlackElo "2633"]

1.d4 d5 2.c4 c6 3.Nc3 dxc4 4.e3 b5 5.a4 b4 6.Ne4 Qd5 7.Ng3 Nf6 8.Nf3 Ba6
9.Be2 e6 10.O-O Bd6 11.Bd2 h5 12.Ne5 h4 13.Bf3 hxg3 14.Bxd5 gxh2+ 15.Kh1 cxd5
16.a5 Bb5 17.a6 Nc6 18.Nxc6 Bxc6 19.Ra5 Rb8 20.Qe2 Ne4 21.Rfa1 Bc7 22.Be1 Bxa5
23.Rxa5 c3 24.f3 Nd6 25.Bg3 Rb5 26.Ra1 Nc4 27.b3 Nb6 28.Bd6 Kd7 29.Bc5 Rb8
30.Qf2 Nc8 31.Qg3 R8b6 32.Qxg7 Nd6 33.Qf8  1-0

[Event "Match"]
[Site "Cannes FRA"]
[Date "2000.04.28"]
[Round "8"]
[White "Tkachiev,V"]
[Black "Piket,Je"]
[Result "0-1"]
[WhiteElo "2670"]
[BlackElo "2633"]

1.d4 Nf6 2.c4 c5 3.d5 b5 4.Nf3 g6 5.cxb5 a6 6.b6 d6 7.Nc3 Bg7 8.e4 Nbd7 9.a4 Qxb6
10.a5 Qa7 11.Be2 O-O 12.O-O Rb8 13.Qc2 Ne8 14.Bg5 Ne5 15.Nxe5 Bxe5 16.Na4 Nf6
17.Nb6 Bd4 18.Rab1 Bd7 19.Rfd1 Rxb6 20.axb6 Qxb6 21.h3 a5 22.b3 Bb5 23.Re1 Rb8
24.Bxb5 Qxb5 25.Bd2 Qa6 26.Be3 Bxe3 27.Rxe3 Rb4 28.Rd1 Nd7 29.Ra1 f6 30.Ra4 Rb5
31.Re1 Qb6 32.Ra3 Kg7 33.Rea1 c4 34.Qxc4 Nc5 35.Re1 Rb4 36.Qc2 Nxb3 37.Qc8 Nc5
38.Qc6 Qa7 39.Raa1 Kf7 40.Reb1 Nxe4 41.Qc2 Qd4 42.Re1 f5 43.Ra2 Qxd5 44.Rd1 Qe5
45.Rda1 Qd4 46.Ra4 Nc5 47.Rd1 Qxd1+ 48.Qxd1 Rxa4 49.Qd2 h5 50.Qc3 Rb4 51.Kh2 Ne6
52.Qa3 Rb5 53.Qa4 Rc5 54.Qb3 d5 55.Kg1 Rc1+ 56.Kh2 d4 57.Qa3 Rc5 58.Qb3 h4
59.Kg1 Rc3 60.Qd5 a4 61.f4 a3 62.g4 hxg3 63.h4 Rc5 64.Qa2 d3  0-1

[Event "1st European Blitz Ch"]
[Site "Neum BIH"]
[Date "2000.10.04"]
[Round "3"]
[White "Bajramovic,H"]
[Black "Tkachiev,V"]
[Result "0-1"]
[WhiteElo "2223"]
[BlackElo "2657"]

1.d4 Nf6 2.Nf3 g6 3.c4 Bg7 4.Nc3 d6 5.g3 Nc6 6.Bg2 O-O 7.O-O a6 8.b3 Rb8
9.Bb2 Bd7 10.Rc1 b5 11.cxb5 axb5 12.Qd3 b4 13.Na4 Na7 14.Nd2 Bb5 15.Qf3 c6
16.Rfd1 Qa5 17.Nc4 Qa6 18.e4 d5 19.exd5 cxd5 20.Nc5 Qc8 21.Ne5 Qf5 22.Qe3 Rfc8
23.h3 h5 24.Qe1 Bh6 25.Ra1 Re8 26.a4 bxa3 27.Rxa3 Nc6 28.Nxc6 Bxc6 29.Ra7 Qc2
30.Ba3 Ra8 31.Rxa8 Rxa8 32.Bb4 Ra2 33.Bf1 Qf5 34.Bd2 Bxd2 35.Rxd2 Rxd2 36.Qxd2 Qb1
37.Kg2 Ne4 38.Qe3 Nxc5 39.Qxe7 Ne4 40.Qd8+ Kg7  0-1

[Event "1st European Blitz Ch"]
[Site "Neum BIH"]
[Date "2000.10.04"]
[Round "7"]
[White "Tkachiev,V"]
[Black "Volkov,S"]
[Result "1-0"]
[WhiteElo "2657"]
[BlackElo "2554"]

1.d4 d5 2.c4 c6 3.Nc3 Nf6 4.e3 a6 5.Qc2 b5 6.b3 Bg4 7.Nge2 Bh5 8.Nf4 Bg6
9.Nxg6 hxg6 10.g3 Nbd7 11.Bg2 e6 12.O-O Be7 13.e4 bxc4 14.bxc4 Nb6 15.c5 Nc4
16.e5 Nd7 17.Re1 Qa5 18.a4 O-O 19.Bf1 Ncxe5 20.dxe5 d4 21.Rd1 Nxe5 22.Ne4 Rfd8
23.Bd2 Nf3+ 24.Kg2 Nxd2 25.Qxd2 Qxd2 26.Nxd2 Bxc5 27.Rac1 Bb4 28.Rxc6 a5
29.Bb5 d3 30.f4 Rd5 31.Nf3 d2 32.Ne5 g5 33.Nd3 gxf4 34.gxf4 Rd4 35.Rc2 g6
36.Kf3 Rad8 37.Ke3 g5 38.fxg5 Rh4 39.Nxb4 axb4 40.Rcxd2 Rh3+ 41.Ke4 Rxd2
42.Rxd2 Kg7 43.Rb2 Kg6 44.Rxb4 Rxh2 45.Ke5 Kxg5 46.Bc6 f5 47.a5  1-0

[Event "1st European Blitz Ch"]
[Site "Neum BIH"]
[Date "2000.10.05"]
[Round "11"]
[White "Tkachiev,V"]
[Black "Sherbakov,R"]
[Result "1-0"]
[WhiteElo "2657"]
[BlackElo "2558"]

1.c4 c5 2.Nc3 g6 3.g3 Bg7 4.Bg2 Nc6 5.a3 h5 6.Nf3 Nh6 7.Rb1 a5 8.d3 Nf5 9.h3 d6
10.Bd2 Ne5 11.b4 axb4 12.axb4 Ra3 13.Nb5 Ra2 14.Nc3 Ra3 15.Nb5 Ra2 16.Qb3 Ra6
17.Nxe5 Bxe5 18.Bc3 Nd4 19.Qb2 Qb6 20.bxc5 dxc5 21.e3 Bf5 22.exd4 cxd4 23.Bxd4 Bxd4
24.Qxd4 Qxd4 25.Nxd4 Bxd3 26.Rxb7 O-O 27.Kd2 Bxc4 28.Rc1 Ra2+ 29.Rc2 Rxc2+
30.Kxc2 e5 31.Nc6 Ra8 32.Rb8+ Rxb8 33.Nxb8 f6 34.Kc3 Be6 35.Nc6 Kf8 36.Kb4 Ke8
37.Kc5 Bf5 38.h4 Kf7 39.Kd6 Bd3 40.Bd5+ Kg7 41.Ke7 e4 42.Nd8 f5 43.Ne6+ Kh6
44.Kf6 Bb1 45.Ng5 Bc2 46.Bg8  1-0

[Event "1st European Blitz Ch"]
[Site "Neum BIH"]
[Date "2000.10.05"]
[Round "11"]
[White "Sherbakov,R"]
[Black "Tkachiev,V"]
[Result "1/2-1/2"]
[WhiteElo "2558"]
[BlackElo "2657"]

1.d4 d6 2.Nf3 g6 3.c4 Bg7 4.Nc3 Bg4 5.g3 Bxf3 6.exf3 e6 7.f4 Ne7 8.d5 exd5
9.cxd5 O-O 10.Bd3 Nd7 11.O-O Nc5 12.Bc2 Qd7 13.Kg2 a5 14.h4 a4 15.a3 Nf5
16.Be3 Nxe3+ 17.fxe3 Rfe8 18.Qf3 Qe7 19.Rae1 Bxc3 20.bxc3 Ne4 21.Bxe4 Qxe4
22.h5 Ra5 23.Qxe4 Rxe4 24.Rb1 b6 25.Kf3 Rc4 26.Rb4 Rxc3 27.Re4 Kf8 28.Rh1 Rxa3
29.hxg6 hxg6 30.Rh8+ Kg7 31.Rc8 Rxd5 32.g4 Ra1 33.g5 Rd2 34.Ree8 Rf1+ 35.Kg3 Rg1+
36.Kf3  1/2-1/2

[Event "1st European Blitz Ch"]
[Site "Neum BIH"]
[Date "2000.10.05"]
[Round "12"]
[White "Tkachiev,V"]
[Black "Tukmakov,V"]
[Result "1-0"]
[WhiteElo "2657"]
[BlackElo "2582"]

1.d4 d5 2.c4 c6 3.Nc3 Nf6 4.e3 a6 5.Qc2 Bg4 6.f3 Bh5 7.Qb3 b5 8.cxd5 cxd5
9.g4 Bg6 10.h4 h6 11.Nh3 Nc6 12.Nf4 Na5 13.Qd1 Bh7 14.g5 Nd7 15.g6 Bxg6 16.Nxg6 fxg6
17.Qd3 Nf6 18.Bh3 Qd6 19.Qxg6+ Kd8 20.b3 e5 21.Bd2 Nc6 22.O-O-O exd4 23.exd4 Ra7
24.Kb1 Rc7 25.Rhe1 Ne7 26.Qd3 Qb6 27.Ne2 Nc6 28.Nf4 Re7 29.Ne6+ Ke8 30.Qg6+ Kd7
31.Nxf8+  1-0

[Event "1st European Blitz Ch"]
[Site "Neum BIH"]
[Date "2000.10.05"]
[Round "16"]
[White "Aseev,K"]
[Black "Tkachiev,V"]
[Result "0-1"]
[WhiteElo "2554"]
[BlackElo "2657"]

1.e4 d6 2.d4 g6 3.Nf3 Nf6 4.Bd3 Bg7 5.O-O O-O 6.c3 Nc6 7.Bg5 e5 8.Nbd2 h6
9.Bh4 Bg4 10.d5 Ne7 11.c4 Nh5 12.Qb3 Rb8 13.Bc2 Qd7 14.Qa3 b6 15.Ba4 Qd8
16.b4 Nf4 17.Rfe1 g5 18.Bg3 f5 19.Rac1 fxe4 20.Rxe4 Neg6 21.Ne1 h5 22.f3 Bf5
23.Re3 g4 24.Bc2 Bxc2 25.Rxc2 Qg5 26.Ne4 Qf5 27.Qxa7 Bh6 28.Bf2 gxf3 29.Qxc7 Nh3+
30.gxh3 Bxe3 31.Ng3 Bxf2+ 32.Kxf2 Qxh3 33.Qxd6 Qxh2+ 34.Ke3 Qxg3 35.Qe6+ Rf7
36.Rf2 Qf4+ 37.Kd3 Qd4+  0-1

[Event "1st European Blitz Ch"]
[Site "Neum BIH"]
[Date "2000.10.05"]
[Round "19"]
[White "Tkachiev,V"]
[Black "Van Wely,L"]
[Result "0-1"]
[WhiteElo "2657"]
[BlackElo "2643"]

1.d4 Nf6 2.c4 e6 3.g3 d5 4.Nf3 dxc4 5.Bg2 a6 6.O-O Nc6 7.Nc3 Rb8 8.e4 b5
9.d5 exd5 10.exd5 Nb4 11.Re1+ Be7 12.Ne5 Bd7 13.Qe2 O-O 14.a3 a5 15.axb4 axb4
16.Ne4 Nxd5 17.Rd1 c6 18.Ra7 Be8 19.Be3 Ra8 20.Rxa8 Qxa8 21.Bc5 Bxc5 22.Nxc5 Qa7
23.Ne4 Qe7 24.f4 f6 25.Nxc4 bxc4 26.Qxc4 Bf7 27.Qd4 Re8 28.Rc1 Bg6 29.Nf2 Qe3
30.Qxe3 Rxe3 31.Ng4 Rd3 32.Rxc6 h5 33.Nf2 Rd2 34.Rd6 Bf7 35.Be4 Kf8 36.Kf1 Ne3+  0-1

[Event "1st European Blitz Ch"]
[Site "Neum BIH"]
[Date "2000.10.05"]
[Round "19"]
[White "Van Wely,L"]
[Black "Tkachiev,V"]
[Result "1-0"]
[WhiteElo "2643"]
[BlackElo "2657"]

1.d4 d6 2.Nf3 g6 3.c4 Bg7 4.Nc3 Bg4 5.g3 Bxf3 6.exf3 e6 7.Bg2 Ne7 8.d5 exd5
9.cxd5 Nd7 10.O-O O-O 11.Re1 Re8 12.g4 Nb6 13.f4 c6 14.dxc6 bxc6 15.Ne4 d5
16.Nc5 Qd6 17.Nb7 Qc7 18.Nc5 Qd6 19.Nb7 Qc7 20.Nc5 Nc4 21.Re2 Rad8 22.Rb1 Nc8
23.b3 N4d6 24.Rxe8+ Rxe8 25.Be3 Nb5 26.Qd3 Ncd6 27.Rc1 d4 28.Bd2 Nc3 29.Bxc3 dxc3
30.Qa6 Bd4 31.b4 Bxc5 32.bxc5 Ne4 33.Bxe4 Rxe4 34.Rxc3 Qxf4 35.h3 Re6 36.Qxa7 Qd4
37.Rf3 Qd5 38.Qxf7+  1-0

[Event "1st European Blitz Ch"]
[Site "Neum BIH"]
[Date "2000.10.05"]
[Round "20"]
[White "Bogdanovski,V"]
[Black "Tkachiev,V"]
[Result "1-0"]
[WhiteElo "2435"]
[BlackElo "2657"]

1.d4 d6 2.Nf3 g6 3.c4 Bg7 4.Nc3 Bg4 5.e3 Nf6 6.Be2 O-O 7.O-O Re8 8.h3 Bf5
9.d5 Na6 10.Nd4 Bd7 11.e4 e5 12.Nb3 c5 13.Bg5 h6 14.Bh4 Rf8 15.Nc1 Qe8 16.a3 Nh7
17.Nb5 Bxb5 18.cxb5 Nc7 19.a4 f5 20.f3 Bf6 21.Bf2 Qe7 22.Kh1 Bh4 23.Bg1 Nf6
24.Bd3 Nh5 25.Ne2 Ne8 26.exf5 gxf5 27.g4 Nhg7 28.Be3 Bg5 29.Bf2 e4 30.fxe4 fxe4
31.Bc2 Nf6 32.Ng3 Qe5 33.Ne2 Qe7 34.Bg3 h5 35.Nf4 Qe8 36.Ne6 Nxe6 37.dxe6 hxg4
38.hxg4 Qxe6 39.Rf5 Be3 40.Qxd6 Qf7 41.Raf1 Rad8 42.Qxf6 Qh7+ 43.Qh4 Qxh4+
44.Bxh4 Rxf5 45.gxf5 Rd2 46.Bb3+ Kf8 47.f6  1-0

[Event "Gp A"]
[Site "Cap d'Agde FRA"]
[Date "2000.10.31"]
[Round "5"]
[White "Hamdouchi,H"]
[Black "Tkachiev,V"]
[Result "0-1"]
[WhiteElo "2541"]
[BlackElo "2657"]

1.e4 e5 2.Nf3 Nc6 3.Bc4 Bc5 4.c3 Nf6 5.d3 a6 6.Bb3 d6 7.h3 Ba7 8.Nbd2 O-O
9.O-O h6 10.Re1 Nh5 11.Nf1 Qf6 12.Ne3 Nf4 13.Nd5 Nxd5 14.Bxd5 Qg6 15.Kf1 Ne7
16.Bb3 Kh8 17.g4 f5 18.exf5 Nxf5 19.Bd5 Ne7 20.Be4 Qf7 21.Re2 Bd7 22.Qc2 Bc6
23.Bxc6 bxc6 24.Ne1 Ng6 25.c4 Nf4 26.Bxf4 Qxf4 27.Kg2 h5 28.Qd2 hxg4 29.Qxf4 gxh3+
30.Kxh3 Rxf4 31.f3 Raf8 32.Rc1 g5 33.Rcc2 Kg7 34.Kg3 a5 35.Rh2 Bc5 36.Rh5 Bb4
37.Kf2 g4 38.a3 g3+ 39.Ke2 Bxe1 40.Kxe1 Rxf3 41.Rg2 Rf1+ 42.Ke2 R1f2+  0-1

[Event "26th Speed Chess Open"]
[Site "Aubervilliers FRA"]
[Date "2001.01.27"]
[Round "5"]
[White "Tkachiev,V"]
[Black "Daurelle,H"]
[Result "1/2-1/2"]
[WhiteElo "2672"]
[BlackElo "2193"]

1.d4 d5 2.c4 e6 3.Nf3 c5 4.cxd5 exd5 5.g3 Nc6 6.Bg2 Nf6 7.O-O Be7 8.Nc3 O-O
9.Bg5 cxd4 10.Nxd4 h6 11.Be3 Re8 12.Qc2 Bg4 13.h3 Be6 14.Rad1 Rc8 15.Qb1 Qa5
16.Kh2 Ne5 17.Nb3 Qa6 18.Bd4 Nc4 19.e3 h5 20.Bxf6 Bxf6 21.Nxd5 Bxd5 22.Bxd5 h4
23.Bxc4 hxg3+ 24.Kxg3 Rxc4 25.Nd2 Rb4 26.b3 Rh4 27.Nf3 Rh6 28.Qf5 Rg6+ 29.Kh2 Qxa2
30.Rd2 Qxb3 31.Rb1 Qc3 32.Rxb7 Be5+ 33.Nxe5 Qxe5+ 34.Qxe5 Rxe5 35.Rxa7 Rf6
36.Kg2 Ref5 37.Ra4 Rg6+ 38.Rg4 Rgf6 39.f4 Rb5 40.Kf3 Rb3 41.Rd8+ Kh7 42.Re8 Rb1
43.Rh4+ Rh6 44.Rxh6+ Kxh6 45.e4 Rf1+ 46.Kg4 g6 47.h4 Rg1+ 48.Kf3 Kg7 49.e5 Rf1+
50.Ke4 Re1+ 51.Kd4 Rd1+ 52.Kc5 Rc1+ 53.Kd6 Ra1 54.Rc8 Ra6+ 55.Rc6 Ra4 56.Rc7 Rxf4
57.e6 Rf6 58.Ke5 Rxe6+ 59.Kf4 Ra6 60.Rc5 Ra4+ 61.Kg3 Kf6 62.h5 gxh5 63.Rxh5 Ke6
64.Rb5 f5 65.Kf3 Kf6 66.Rb6+ Kg5 67.Rb5 Ra3+ 68.Kf2  1/2-1/2

[Event "26th Speed Chess Open"]
[Site "Aubervilliers FRA"]
[Date "2001.01.28"]
[Round "10"]
[White "Gofshtein,L"]
[Black "Tkachiev,V"]
[Result "1/2-1/2"]
[WhiteElo "2531"]
[BlackElo "2672"]

1.d4 Nf6 2.c4 g6 3.Nc3 Bg7 4.e4 d6 5.Nf3 O-O 6.Be2 Na6 7.Be3 e5 8.O-O Ng4
9.Bg5 Qe8 10.dxe5 dxe5 11.h3 h6 12.Bd2 Nf6 13.Be3 Qe7 14.Nd5 Qd8 15.Qc2 c6
16.Nxf6+ Qxf6 17.Rfd1 Qe7 18.Qd2 Kh7 19.Qd6 Qxd6 20.Rxd6 Re8 21.Rad1 Be6
22.g4 Bf8 23.R6d2 f6 24.Ne1 Bb4 25.Rc2 Bc5 26.Bxc5 Nxc5 27.f3 a5 28.Rcd2 Kg8
29.Nd3 Nxd3 30.Bxd3 Red8 31.Be2 Rxd2 32.Rxd2 Kf8 33.a3 Ke7 34.c5 Rh8 35.Kf2 h5
36.Kg2 h4 37.Kf2 Rb8 38.Ke3 b6 39.cxb6 Rxb6 40.Rc2 Kd6 41.Rd2+ Kc7 42.Kd3 Rb3+
43.Kc2 Re3 44.Kd1 Rb3 45.Kc2 c5 46.Rd3 Rb8 47.Rc3 Kd6 48.Bc4 Bd7 49.Rd3+ Kc6
50.a4 Kc7 51.b3 Bc6 52.Bd5 Be8 53.Bc4  1/2-1/2

[Event "Tch-NED"]
[Site "NED"]
[Date "2001.03.03"]
[Round "5"]
[White "Pliester,L"]
[Black "Tkachiev,V"]
[Result "1/2-1/2"]
[WhiteElo "2367"]
[BlackElo "2672"]

1.d4 Nf6 2.c4 g6 3.Nc3 Bg7 4.e4 d6 5.Nf3 O-O 6.h3 Na6 7.Bg5 c6 8.Be2 e5 9.d5 h6
10.Be3 Nh5 11.Nd2 Nf4 12.Bf1 f5 13.g3 Ne6 14.exf5 gxf5 15.dxe6 f4 16.gxf4 exf4
17.Bd4 Bxd4 18.Rg1+ Bg7 19.Qh5 Qe8 20.Qxh6 Qxe6+ 21.Qxe6+ Bxe6 22.Nde4 Nc5
23.O-O-O Rad8 24.Rxd6 Rxd6 25.Nxd6 Kh8 26.Nce4 Nxe4 27.Nxe4 Bd4 28.Bd3 Bf5
29.Rg5 Bxe4 30.Bxe4 Bxf2 31.Rh5+ Kg8 32.Rg5+ Kh8 33.Rh5+ Kg8 34.Rg5+ Kh8  1/2-1/2

[Event "Tch-NED"]
[Site "NED"]
[Date "2001.03.04"]
[Round "6"]
[White "Tkachiev,V"]
[Black "Carlier,B"]
[Result "1-0"]
[WhiteElo "2672"]
[BlackElo "2392"]

1.d4 g6 2.c4 Bg7 3.Nf3 c5 4.e4 Qa5+ 5.Nc3 d6 6.h3 Nc6 7.d5 Nd4 8.Bd2 Nxf3+
9.Qxf3 Nf6 10.Bd3 a6 11.O-O O-O 12.Qe2 e5 13.Kh2 Qd8 14.Rh1 Qd7 15.Bc2 Rb8
16.Ba4 Qe7 17.Rae1 Ne8 18.Bc2 f5 19.exf5 gxf5 20.f4 e4 21.g4 fxg4 22.Nxe4 Qh4
23.Ng5 Nf6 24.Ne6 gxh3 25.Rhg1 b6 26.f5 Kh8 27.Ref1 Ng8 28.Be1 Qf6 29.Bc3  1-0

[Event "TCh-NED Playoffs"]
[Site "Breda NED"]
[Date "2001.05.24"]
[Round "1"]
[White "Thesing,M"]
[Black "Tkachiev,V"]
[Result "0-1"]
[WhiteElo "2436"]
[BlackElo "2672"]

1.e4 c5 2.Nc3 e6 3.f4 a6 4.Nf3 Nc6 5.g3 d6 6.Bg2 Nf6 7.d3 Qc7 8.O-O Be7 9.h3 O-O
10.g4 b5 11.a3 Bb7 12.f5 Nd7 13.g5 Rfe8 14.Bf4 Rac8 15.h4 Nd4 16.fxe6 Nxe6
17.Bg3 Nb6 18.Nd2 c4 19.dxc4 bxc4 20.a4 Qc5+ 21.Kh2 Nd7 22.Bh3 Ne5 23.Rxf7 Nxf7
24.Bxe6 Bf8 25.Qg4 Rc7 26.Nd5 Rxe6 27.Qxe6 Bxd5 28.Qxd5 c3 29.bxc3 Qxc3 30.Rf1 Qxc2
31.h5 Qc5 32.Qb3 Qxg5 33.Rf2 Qxh5+ 34.Kg2 Qc5 35.Qd3 Qc6 36.Nf3 Qc4 37.Qb1 Qc6
38.Nd4 Qb7 39.Qd3 Re7 40.Re2 Re8 41.Nf5 Qc6  0-1

[Event "2nd IECC"]
[Site "Ohrid MKD"]
[Date "2001.06.14"]
[Round "13"]
[White "Timoshenko,G"]
[Black "Tkachiev,V"]
[Result "1/2-1/2"]
[WhiteElo "2537"]
[BlackElo "2672"]

1.d4 Nf6 2.c4 e6 3.Nf3 d5 4.Nc3 Be7 5.cxd5 exd5 6.Bg5 c6 7.e3 Bf5 8.Bd3 Bxd3
9.Qxd3 Nbd7 10.O-O O-O  1/2-1/2

[Event "7th Tan Chin Nam Cup"]
[Site "Shanghai CHN"]
[Date "2001.07.10"]
[Round "2"]
[White "Tkachiev,V"]
[Black "Peng Xiaomin"]
[Result "1/2-1/2"]
[WhiteElo "2642"]
[BlackElo "2648"]

1.d4 Nf6 2.c4 g6 3.Nf3 Bg7 4.g3 c6 5.Bg2 d5 6.cxd5 cxd5 7.Nc3 O-O 8.Ne5 e6
9.O-O Nfd7 10.f4 Nc6 11.b3 Qa5 12.Bd2 Nxd4 13.Nxd5 Qd8 14.Bb4 Nxe5 15.fxe5 Bxe5
16.Bxf8 Qxf8 17.Nf6+ Bxf6 18.Rxf6 Nf5 19.e4 Qe7 20.Rxf7 Kxf7 21.exf5 exf5
22.Qd5+ Be6 23.Qxb7 Qxb7 24.Bxb7 Rd8 25.Rf1 Kf6 26.h4 h6 27.Kg2 g5 28.hxg5+ hxg5
29.Rf2 Rd4 30.Re2 a5 31.Bc6 Ke7 32.Kf2 Kd6 33.Rc2 Rb4 34.Ke2 f4 35.gxf4 Rxf4
36.Bg2 a4 37.Rc6+ Ke5 38.Rb6 axb3 39.axb3 Rf8 40.Ke3 g4 41.Rb5+ Kd6  1/2-1/2